Pays dominant les courses de fond mondiales - Statistiques

Statistiques générales
  • Ce quiz a été pris 19 fois
  • Le résultat moyen est 4 sur 7
Statistiques - réponses
Hint Réponse % Correct
60% des vainqueurs de marathons majeurs Kenya
94%
Mange le marathon Tokyo — et domine les épreuves domestiques Japon
82%
Semi-marathon Etats-Unis
76%
25% des vainqueurs Ethiopie
76%
1 500m record mondial depuis 1999 Maroc
35%
Joshua Cheptegei, record du monde 5 000m Ouganda
29%
A naturalisé des coureurs africains — Peres Jepchirchir, Ruth Chepngetich Bahrein
18%
Aucun quiz correspondant
Distribution des résultats
% des personnes avec chaque résultat
Percentile par nombre de réponses
Votre historique - résultats
Vous n’avez pas pris ce quiz